| 000 | 00381nam a22001457a 4500 | ||
|---|---|---|---|
| 999 |
_c8899 _d8899 |
||
| 003 | OSt | ||
| 008 | 200713b ||||| |||| 00| 0 eng d | ||
| 100 | _aDeodhar , M.N | ||
| 245 | _aPractical Hand Book of Pharmaceutical organic Chemistry | ||
| 250 | _a12th, 2018 | ||
| 260 |
_aNew Delhi _bNirali |
||
| 300 | _aMisc | ||
| 650 | _aPharmaceutical Organic Chemisty | ||
| 942 |
_2ddc _cBK _01 |
||